000
00202 a2200097 4500
001
29055
100
_a
Hays, W.L
245
_a
Statistics probability
260
_a
_b
Rinehart
_c
090
_c
19406
_d
19406
942
_a
NUST-CAE
_c
M
_c
10454
999
_c
264128
_d
264128